Discursos predicables ó las homilías del ilustrisimo y venerable señor D.F. Gerónimo Bautista de Lanuza, del orden de predicadores, obispo de Barbastro y de albarracin (Record no. 10898)
[ view plain ]
| 000 -CABECERA | |
|---|---|
| campo de control de longitud fija | 01938nam a22002777a 4500 |
| 001 - NÚMERO DE CONTROL | |
| campo de control | BRCA_9279 |
| 003 - IDENTIFICADOR DEL NÚMERO DE CONTROL | |
| campo de control | FranzMayer |
| 005 - FECHA Y HORA DE LA ÚLTIMA TRANSACCIÓN | |
| campo de control | 20230721122452.0 |
| 008 - DATOS DE LONGITUD FIJA--INFORMACIÓN GENERAL | |
| campo de control de longitud fija | 230721b |||||||| |||| 00| 0 eng d |
| 040 ## - FUENTE DE LA CATALOGACIÓN | |
| Centro catalogador/agencia de origen | MFM |
| Lengua de catalogación | esp |
| Centro/agencia transcriptor | MFM |
| 050 #4 - SIGNATURA TOPOGRÁFICA DE LA BIBLIOTECA DEL CONGRESO | |
| Número de clasificación | LE5 |
| Número de documento/Ítem | J87 1803 |
| 082 ## - NÚMERO DE LA CLASIFICACIÓN DECIMAL DEWEY | |
| Número de edición | BX1795.P72 |
| 100 1# - ENTRADA PRINCIPAL--NOMBRE DE PERSONA | |
| Código de función/relación | Autor |
| Nombre de persona | Justo García, Juan |
| 9 (RLIN) | 28896 |
| 240 1# - TÍTULO UNIFORME | |
| Título uniforme | Discursos predicables ó las homilías del ilustrisimo y venerable señor D.F. Gerónimo Bautista de Lanuza, del orden de predicadores, obispo de barbastro y de albarracin |
| Medio | Dispuesta por orden de materias, y acomodadas en la mejor forma para el uso de los Señores Párrocos y Oradores |
| Lenguaje de la obra | español |
| 245 0# - MENCIÓN DE TÍTULO | |
| Título | Discursos predicables ó las homilías del ilustrisimo y venerable señor D.F. Gerónimo Bautista de Lanuza, del orden de predicadores, obispo de Barbastro y de albarracin |
| Resto del título | Dispuesta por orden de materias, y acomodadas en la mejor forma para el uso de los Señores Párrocos y Oradores |
| 260 ## - PUBLICACIÓN, DISTRIBUCIÓN, ETC. | |
| Lugar de publicación, distribución, etc. | Madrird |
| Nombre del editor, distribuidor, etc. | Imprenta de la viuda é hijo de Marin |
| Fecha de publicación, distribución, etc. | 1803 |
| 300 ## - DESCRIPCIÓN FÍSICA | |
| Extensión | 395 p |
| Dimensiones | 21 cm |
| 440 ## - MENCIÓN DE SERIE/PUNTO DE ACCESO ADICIONAL--TÍTULO | |
| Título | Discursos predicables ó las homilías del ilustrisimo y venerable señor D.F Gerónimo Bautista de Lanuza, del orden de predicadores, obispo de Barbastro y de Albarracin |
| Número de parte o sección de la obra | Dispuestas por orden de materias, y acomodadas en la mejor forma para el uso de los señores párrocos y oradores |
| Nombre de parte o sección de la obra | Tomo II |
| 9 (RLIN) | 28897 |
| 500 ## - NOTA GENERAL | |
| Nota general | Contiene una imagen cortada de motivo religioso, la cual se encuentra en un plástico protector |
| 501 ## - NOTA DE "CON" | |
| Nota de “Con” | Licencia real |
| 505 0# - NOTA DE CONTENIDO CON FORMATO | |
| Nota de contenido con formato | Texto en: españolDirigido a: teólogos, obispos, padres, o cualquier otra persona con interés en la iglesia católica.Incluye índice (temático) |
| 650 1# - PUNTO DE ACCESO ADICIONAL DE MATERIA--TÉRMINO DE MATERIA | |
| Fuente del encabezamiento o término | Religión |
| Término de materia o nombre geográfico como elemento de entrada | Religión cristiana |
| Subdivisión de forma | Iglesia |
| 9 (RLIN) | 28898 |
| 651 2# - PUNTO DE ACCESO ADICIONAL DE MATERIA--NOMBRE GEOGRÁFICO | |
| Fuente del encabezamiento o término | Sermones |
| Nombre geográfico | Sermones católicos |
| Subdivisión de forma | Discursos predicables |
| 9 (RLIN) | 28899 |
| 700 1# - PUNTO DE ACCESO ADICIONAL--NOMBRE DE PERSONA | |
| Código de función/relación | Autor |
| Nombre de persona | Martél, P. Don Miguel |
| Forma completa/desarrollada del nombre | Reglar del gremio y Claustro de la Universidad de Salamanca |
| 9 (RLIN) | 28900 |
| 942 ## - ELEMENTOS DE PUNTO DE ACCESO ADICIONAL (KOHA) | |
| Fuente del sistema de clasificación o colocación | Library of Congress Classification |
| Tipo de ítem Koha | Libros |
| Estado de retiro | Estado de pérdida | Fuente del sistema de clasificación o colocación | Estado dañado | No para préstamo | Código de colección | Localización permanente | Ubicación/localización actual | Fecha de adquisición | Fuente de adquisición | Total de préstamos | Signatura topográfica completa | Código de barras | Fecha visto por última vez | Precio válido a partir de | Tipo de ítem Koha |
|---|---|---|---|---|---|---|---|---|---|---|---|---|---|---|---|
| El ejemplar forma parte de la colección y puede ser consultado según las políticas vigentes. | Library of Congress Classification | Conventual Franz Mayer | Biblioteca del Museo Franz Mayer (Rogerio Casas-Alatriste) | Biblioteca del Museo Franz Mayer (Rogerio Casas-Alatriste) | 21/07/2023 | Donación | LE5 J87 1803 | CFM00515 | 21/07/2023 | 21/07/2023 | Libros |